| 000 -LEADER |
| fixed length control field |
00987nam a2200217 4500 |
| 003 - CONTROL NUMBER IDENTIFIER |
| control field |
Ge_BSU |
| 005 - DATE AND TIME OF LATEST TRANSACTION |
| control field |
20210323133154.0 |
| 008 - FIXED-LENGTH DATA ELEMENTS--GENERAL INFORMATION |
| fixed length control field |
210323s1984 ge ||||| |||| 00| 0 rus d |
| 080 ## - UNIVERSAL DECIMAL CLASSIFICATION NUMBER |
| Universal Decimal Classification number |
37 Г-49 |
| 100 ## - MAIN ENTRY--PERSONAL NAME |
| Personal name |
Гиоргадзе, Отари |
| 9 (RLIN) |
10668 |
| 245 ## - TITLE STATEMENT |
| Title |
Эстетическое воспитание старшеклассников в условиях свободного времени / |
| Statement of responsibility, etc. |
Отари Гиоргадзе; Научн. руковод. У. П. Оболадзе. |
| 264 ## - PRODUCTION, PUBLICATION, DISTRIBUTION, MANUFACTURE, AND COPYRIGHT NOTICE |
| Place of production, publication, distribution, manufacture |
Тбилиси, |
| Date of production, publication, distribution, manufacture, or copyright notice |
1984. |
| 300 ## - PHYSICAL DESCRIPTION |
| Extent |
201 стр. |
| Other physical details |
30см. |
| 522 ## - GEOGRAPHIC COVERAGE NOTE |
| Geographic coverage note |
Библиогр. стр. 167-188 |
| 653 ## - INDEX TERM--UNCONTROLLED |
| keyword |
педагогика |
| 653 ## - INDEX TERM--UNCONTROLLED |
| keyword |
Эстетическое воспитание старшеклассников в условиях свободного времени |
| 653 ## - INDEX TERM--UNCONTROLLED |
| keyword |
დისერტაცია |
| 653 ## - INDEX TERM--UNCONTROLLED |
| keyword |
диссертация |
| 700 ## - ADDED ENTRY--PERSONAL NAME |
| Personal name |
Оболадзе У. П. |
| Relator term |
Научн. руководитель |
| 9 (RLIN) |
10669 |
| 942 ## - ADDED ENTRY ELEMENTS (KOHA) |
| Source of classification or shelving scheme |
|
| Koha item type |
წიგნი |